00663nam a2200241 a 4500001001300000003000900013005001700022008004100039020001000080082001800090100001800108245003100126260004200157300000900199500003500208505001000243650001000253700001800263902000800281942000700289952011000296999001500406nice12345678IN_TiNIC20260116012221.0050524s1928 oxfa grp 000 0 eng  ac10000a294.5921bURQ aUrquhart, W S aVedanta and Modern Thought aOxfordbOxford University Pressc1928 a256p aincludes index and biblioraphy2 aindex aVedas1 aUrquhart, W S bSRS cBK 00104070aHMIbHMId2007-07-25g100.00l1o294.5921 URQp08722r2019-02-25s2019-02-15w2026-01-16yEB c6121d6121